logo

Bir Sreshtho Munshi Abdur Rouf Library
Jhenaidah Cadet College

কাঠগড়া / (Record no. 12813)

MARC details
000 -LEADER
fixed length control field 00731nam a2200241 a 4500
001 - CONTROL NUMBER
JCCL Control Number 12813
003 - CONTROL NUMBER IDENTIFIER
JCCL marc code BD-JhCC
005 - DATE AND TIME OF LATEST TRANSACTION
control field 20230515195056.0
008 - FIXED-LENGTH DATA ELEMENTS--GENERAL INFORMATION
fixed length control field 230515s2021 b |||| |||| 000 0 be d
020 ## - INTERNATIONAL STANDARD BOOK NUMBER
International Standard Book Number 9789849564003
035 ## - SYSTEM CONTROL NUMBER
system control number (BD-JhCC)12813
040 ## - CATALOGING SOURCE
Original cataloging agency BD-JhCC
Modifying agency BD-JhCC
041 ## - LANGUAGE CODE
Language code of Book ben
082 ## - DEWEY DECIMAL CLASSIFICATION NUMBER
Classification number 297.74
Author mark and Year ARF 2021
100 ## - MAIN ENTRY--PERSONAL NAME
Personal name আরেফীন, ডা. শামসুল
245 ## - TITLE STATEMENT
Title কাঠগড়া /
Statement of responsibility, etc ডা. শামসুল আরেফীন
260 ## - PUBLICATION, DISTRIBUTION, ETC. (IMPRINT)
Place of publication, distribution, etc ঢাকা :
Name of publisher, distributor, etc সমর্পণ,
Date of publication, distribution, etc ২০২১
300 ## - PHYSICAL DESCRIPTION
Pagination ১৭৬ পৃ, :
Dimensions ২১ সেমি.
490 ## - SERIES STATEMENT
Series statement কষ্টিপাথর ৩
650 ## - SUBJECT ADDED ENTRY--TOPICAL TERM
Topical term or geographic name as entry element Dawah
650 ## - SUBJECT ADDED ENTRY--TOPICAL TERM
Topical term or geographic name as entry element Religious Life--- Islam
942 ## - ADDED ENTRY ELEMENTS (KOHA)
Source of classification or shelving scheme Dewey Decimal Classification
Koha item type Books
Holdings
Source of classification or shelving scheme Damaged status Not for loan Home library Current library Shelving location Date of accession Cost, normal purchase price Total Checkouts Full call number Barcode Checked out Date last seen Date checked out Copy number Method of acquisition Koha item type Currency
Dewey Decimal Classification     JCC Rouf Library JCC Rouf Library General Stacks 05/15/2023 180.00 9 297.74 ARF 2021 17750 02/18/2026 01/25/2026 01/25/2026 C-1 Purchase Books BDT

JCC Library | Contacts | JCC Home

Last Update on 23 September 2017
Copyright @ 2017-2020 JCC Rouf Library
Rouf Library, Jhenidah Cadet College (JCC), Bangladesh